000 01748nam1a2200325 i 4500
001 RU\NLR\bibl\1807632
005 20260408043725.0
010 _a9785942115043
035 _a(NLR Aleph) 001798272
090 _a1787533
_c1787533
100 _a20110908g20119999u y0rusy50 ca
101 0 _arus
102 _aRU
105 _a||||z |||||
200 1 _aПроблемы недропользования
_eмеждународный форум-конкурс молодых ученых, 20-22 апреля 2011 г.
_eсборник научных трудов
_f[редкол.: доц. Л.С. Синьков и др.]
210 _aСанкт-Петербург
_cСанкт-Петербургский горный институт
_d2011
215 _d29
300 _aВ надзаг.: М-во образования и науки Рос. Федерации, Гос. образоват. учреждение высш. проф. образования С.-Петерб. гор. ин-т им. Г.В. Плеханова (Техн. ун-т)
463 0 _10011790164
463 0 _10011787240
606 _aГорные работы
_jСъезды, совещания и т.п.
_91216799
_3RU\NLR\auth\66176280
686 _aИ.я431
702 1 _4340
_aСиньков
_bЛ. С.
_cканд. техн. наук
_gЛеонид Сергеевич
_9198010
_3RU\NLR\AUTH\770198061
711 1 2 _a"Проблемы недропользования", международный форум-конкурс молодых ученых
_f2011
_eСанкт-Петербург
_3RU\NLR\AUTH\8810191845
_9274059
801 0 _aRU
_bNLR
_c20110908
_gRCR
801 1 _aRU
_bNLR
_c20110908
852 _aNLR
_j2011-8/2100
942 _cBOOK